Popular punitivism and cultural mediation: The case of Spain

Saved in:  
Bibliographic Details
Main Author: Makin, David Alan (Author)
Format: Print Article
Language:English
Published: 2013
In: International journal of law, crime and justice
Year: 2013, Volume: 41, Issue: 4, Pages: 260-276
Check availability: HBZ Gateway
Keywords:

MARC

LEADER 00000caa a22000002c 4500
001 1630669881
003 DE-627
005 20220607122633.0
007 tu
008 150706s2013 xx ||||| 00| ||eng c
035 |a (DE-627)1630669881 
035 |a (DE-576)434918369 
035 |a (DE-599)BSZ434918369 
040 |a DE-627  |b ger  |c DE-627  |e rakwb 
041 |a eng 
100 1 |a Makin, David Alan  |4 aut 
245 1 0 |a Popular punitivism and cultural mediation  |b The case of Spain  |c David A. Makin 
264 1 |c 2013 
336 |a Text  |b txt  |2 rdacontent 
337 |a ohne Hilfsmittel zu benutzen  |b n  |2 rdamedia 
338 |a Band  |b nc  |2 rdacarrier 
773 0 8 |i In  |t International journal of law, crime and justice  |d Amsterdam [u.a.] : Elsevier, 2008  |g 41(2013), 4, Seite 260-276  |w (DE-627)563411287  |w (DE-600)2423484-9  |w (DE-576)279570007  |7 nnas 
773 1 8 |g volume:41  |g year:2013  |g number:4  |g pages:260-276 
951 |a AR 
ELC |b 1 
LOK |0 000 xxxxxcx a22 zn 4500 
LOK |0 001 3280423910 
LOK |0 003 DE-627 
LOK |0 004 1630669881 
LOK |0 005 20150706121140 
LOK |0 008 150706||||||||||||||||ger||||||| 
LOK |0 040   |a DE-21-110  |c DE-627  |d DE-21-110 
LOK |0 689   |a s  |a Stafphilosophie 
LOK |0 689   |a s  |a Punitivität 
LOK |0 689   |a s  |a Wiedereingliederung 
LOK |0 689   |a s  |a Rehabilitation 
LOK |0 689   |a s  |a Kulturelle Einflüsse 
LOK |0 689   |a g  |a Spanien 
LOK |0 852   |z Kein Bestand am IfK; Nachweis für KrimDok 
LOK |0 852   |a DE-21-110 
LOK |0 852 1  |m v  |9 00 
LOK |0 938   |k v 
LOK |0 939   |a 06-07-15  |b l01 
ORI |a SA-MARC-krimdoka001.raw